Fruits & Vegetables Preservation : (Record no. 187032)

MARC details
000 -LEADER
fixed length control field 00742nam a22002057a 4500
005 - DATE AND TIME OF LATEST TRANSACTION
control field 20220328125201.0
010 ## - LCCN (DPL NO)
LC control number ENG-132133
020 ## - INTERNATIONAL STANDARD BOOK NUMBER
International Standard Book Number 9789391420109
Terms of availability 137.00
035 ## - SYSTEM CONTROL NUMBER
System control number EN-115665
037 ## - SOURCE OF ACQUISITION
Source of stock number/acquisition DBAD/PUB
082 ## - DEWEY DECIMAL CLASSIFICATION NUMBER
Classification number 641.4
100 ## - MAIN ENTRY--PERSONAL NAME
Personal name Sekhar, A. Raja
245 ## - TITLE STATEMENT
Title Fruits & Vegetables Preservation :
Remainder of title Skill Development Course/
Statement of responsibility, etc A. Raja Sekhar , N. M. Deepa and P. Sandhya Rani
260 ## - PUBLICATION, DISTRIBUTION, ETC. (IMPRINT)
Place of publication, distribution, etc Hyderabad
Name of publisher, distributor, etc Spectrum Publications
Date of publication, distribution, etc 2021
270 ## - ADDRESS
Address #326/C, III Floor , Surneni Nilayam Near B K Guda Park, S R Nayar
City Hyderabad
Postal code 500038
Telephone number 91-4023710657
Electronic mail address studentshelpline.in@gmail.com
300 ## - PHYSICAL DESCRIPTION
Extent viii,144p.
Dimensions 24cm(pbk)
700 ## - ADDED ENTRY--PERSONAL NAME
Personal name Deepa, N.M
700 ## - ADDED ENTRY--PERSONAL NAME
Personal name Rani, P. Sandhya
942 ## - ADDED ENTRY ELEMENTS (KOHA)
Source of classification or shelving scheme Dewey Decimal Classification
Item type English Books
Call number suffix SEK
Classification part 641.4
Holdings
Withdrawn status Lost status Not for loan Collection code Home library Current library Date acquired Source of acquisition Cost, normal purchase price Full call number Barcode Copy number Cost, replacement price Koha item type
      Non-fiction Central Library Central Library 28/03/2022 DBAD/PUB 137.00 641.4 SEK EN-115665 1 137.00 English Books

© Delhi Public Library
Hit Counter
free hit counter